000 01182nam a22003377a 4500
003 CHAP
005 20220329143651.0
008 101202s1992 us a r 00010 eng d
010 _a100046
011 _a101018
035 _a111704
040 _cCHAP
082 1 4 _a631.44
_bUs19
110 0 _aE.U.A. Department of Agriculture
_934876
245 1 0 _aSoil survey laboratory methods manual
_c/por USDA. Soil Conservation Service
260 _a[Washington, DC] :
_bNational Soil Survey Center,
_c1992
300 _a400 p. :
_bilus., tablas
490 0 _aSoil survey investigations report
_v; 42
590 _aBATCH-UPD
_b10
_c20130110
_lUCH01
_h1544
590 _aBATCH-UPD
_b10
_c20130410
_lUCH01
_h0945
590 _aBATCH-UPD
_b10
_c20130914
_lUCH01
_h2029
590 _aCONVERSION
_b10
_c20130109
_lUCH01
_h1355
650 1 4 _aSuelos
_xAnálisis.
_9110204
650 1 4 _aSuelos
_xClasificación.
_9110239
650 1 4 _aSuelos
_xManuales de laboratorio.
_9110426
650 1 4 _aSuelos
_xQuímica de.
_9110470
830 0 _aSoil survey investigations report
_v; 42
_9108307
901 _aBK
942 _cLIBRO
949 _a631.44 Us19
_bBC
_cLIBRO
_d33724002119644
_eLIBRO
_h113934
_i111704
_sb
999 _c100046
_d100046